Statistiques concernant Les 151 Pokémon première génération

Cliquez ici pour prendre le quiz!

Statistiques générales

  • Ce quiz a été pris 84,891 fois
    (81,403 depuis la dernière actualisation)
  • Le résultat moyen est 85 sur 151

Statistiques - réponses

° Nom % Correct
4Salamèche
95%
25Pikachu
94%
6Dracaufeu
93%
1Bulbizarre
92%
7Carapuce
92%
9Tortank
90%
3Florizarre
87%
5Reptincel
87%
2Herbizarre
86%
26Raichu
86%
151Mew
85%
8Carabaffe
85%
16Roucool
82%
10Chenipan
81%
148Draco
81%
12Papilusion
79%
17Roucoups
79%
18Roucarnage
78%
150Mewtwo
77%
13Aspicot
76%
19Rattata
73%
15Dardargnan
73%
11Chrysacier
73%
74Racaillou
72%
14Coconfort
71%
133Evoli
71%
144Artikodin
70%
129Magicarpe
70%
146Sulfura
70%
20Rattatac
70%
147Minidraco
69%
149Dracolosse
69%
95Onix
69%
145Electhor
68%
134Aquali
68%
130Léviator
68%
136Pyroli
66%
21Piafabec
66%
75Gravalanch
65%
76Grolem
65%
39Rondoudou
65%
135Voltali
64%
63Abra
64%
52Miaouss
64%
32Nidoran mâle
63%
29Nidoran femelle
63%
92Fantominus
63%
93Spectrum
62%
23Abo
62%
143Ronflex
62%
65Alakazam
62%
34Nidoking
61%
22Rapasdepic
61%
120Stari
61%
30Nidorina
61%
64Kadabra
60%
31Nidoqueen
60%
94Ectoplasma
60%
33Nidorino
60%
66Machoc
59%
67Machopeur
59%
24Arbok
59%
121Staross
58%
59Arcanin
57%
109Smogo
57%
110Smogogo
57%
58Caninos
57%
77Ponyta
57%
37Goupix
56%
68Mackogneur
56%
35Mélofée
56%
40Grodoudou
56%
50Taupiqueur
56%
53Persian
56%
41Nosferapti
55%
43Mystherbe
55%
38Feunard
55%
51Triopikeur
55%
45Rafflésia
54%
118Poissirène
53%
44Ortide
53%
114Saquedeneu
53%
78Galopa
53%
100Voltorbe
52%
36Mélodelfe
52%
69Chétiflor
52%
81Magnéti
52%
70Boustiflor
51%
88Tadmorv
51%
125Elektek
51%
126Magmar
51%
27Sabelette
50%
82Magnéton
50%
89Grotadmorv
50%
42Nosferalto
49%
124Lippoutou
49%
101Electrode
49%
71Empiflor
48%
119Poissoroy
48%
107Tygnon
47%
128Tauros
47%
123Insécateur
47%
28Sablaireau
47%
131Lokhlass
46%
142Ptéra
46%
106Kicklee
46%
54Psykokwak
45%
140Kabuto
45%
113Leveinard
44%
48Mimitoss
43%
141Kabutops
43%
72Tentacool
42%
139Amonistar
42%
115Kangourex
42%
138Amonita
42%
55Akwakwak
42%
60Ptitard
42%
87Lamantine
41%
73Tentacruel
41%
86Otaria
41%
122M. Mime
41%
62Tartard
41%
132Métamorph
40%
83Canarticho
40%
49Aéromite
40%
56Férosinge
40%
61Têtarte
39%
84Doduo
39%
57Colossinge
39%
46Paras
38%
96Soporifik
37%
112Rhinoféros
37%
85Dodrio
37%
111Rhinocorne
37%
105Ossatueur
37%
103Noadkoko
37%
97Hypnomade
36%
104Osselait
36%
47Parasect
35%
137Porygon
35%
79Ramoloss
35%
102Noeunoeuf
34%
91Crustabri
33%
90Kokiyas
33%
116Hypotrempe
33%
98Krabby
32%
127Scarabrute
32%
80Flagadoss
32%
117Hypocéan
32%
99Krabboss
31%
108Excelangue
28%

Distribution des résultats

Percentile by Number Answered

% des personnes avec chaque résultat

Votre développement - résultats

Vous n’avez pas pris ce quiz depuis la dernière actualisation